| 000 | 00369nam a2200145Ia 4500 | ||
|---|---|---|---|
| 008 | 230312s9999||||xx |||||||||||||| ||und|| | ||
| 020 | _a978-8184873320 | ||
| 082 |
_a621.3 _bVEN-E |
||
| 100 | _aVenkatesh;V | ||
| 245 | 0 | _aElectrical Engineering | |
| 260 |
_bNarosa Publishing House _aIndia _c2014 |
||
| 300 | _a10.18 | ||
| 650 |
_aEngineering _vElectrical |
||
| 942 | _cBK | ||
| 999 |
_c14164 _d14164 |
||